Bolivia Articles in English

Bibliographic Details
Format: Journal
Language:English
Published: [s.l. : s.n.], 2010
Subjects:
Online Access:http://www.vlex.com/source/5019

MARC

LEADER 00000nas a22000007a 4500
005 20130218190626.0
007 cr|||| ||||
008 130218c20109999xxuzu|p s|||| 0|||b eng d
035 |a 5019 
040 |a vLex 
090 |c 3681  |d 3681 
245 0 0 |a Bolivia Articles in English  |h [Recurso electrn̤ico]  
256 |a Servicio en ln̕ea 
260 |a [s.l. :  |b s.n.],  |c 2010 
300 |a 1 Recurso electrn̤ico 
650 0 4 |a Derecho  |z Bolivia 
740 |a vLex Revistas (Servicio en ln̕ea) 
856 |a Acceso restringido  |u http://www.vlex.com/source/5019 
942 |c REV 
999 0 |a Law